000 00854nab a2200253 u 4500
001 15633
003 HDC
007 cr bn ---aaaaa
008 210218c20150609my dr|nes 0 a may d
040 _aHDC
100 _aMohamad Hussin
_eauthor
_98116
245 0 _aTingkat usahawan muda tani / oleh
_cMohamad Hussin
260 _aKuala Lumpur :
_bThe New Straits Times Press (M) Bhd.,
_c2015
336 _atext
_2rdacontent
337 _acomputer
_2rdamedia
338 _aonline resource
_2rdacarrier
650 _aagriculutural industry
_915778
650 _ayoung entrepreneur
_911705
710 _aHarian Metro
856 _zRequest full-text at [email protected]
942 _2lcc
942 _cNEWS
942 _kNWSC 005842
999 _c12949
_d12949